| 000 | 00693nam a2200193 4500 | ||
|---|---|---|---|
| 001 | 138400 | ||
| 003 | ES-MaACL | ||
| 005 | 20230906195547.0 | ||
| 007 | t| | ||
| 008 | 070214s1966 sp r ||||1| spa d | ||
| 100 | 1 |
_aSandi, Marvin. _9103088 |
|
| 245 | 1 | 0 |
_aMeditación del enigma _b: (sendas para el diálogo entre América y Europa) / _cMarvin Sandi ; prólogo de Pedro Laín Entralgo. |
| 260 |
_aMadrid : _bSeminario de Estudios Hispanoamericanos, _c1966. |
||
| 300 |
_aXI, 130 p. ; _c20 cm. |
||
| 700 | 1 |
_aLaín Entralgo, Pedro, _d1908-2001 _969681 |
|
| 710 | 2 |
_aSeminario de Estudios Hispanoamericanos (Madrid) _96551 |
|
| 852 |
_aES-MaACL _jC-30793 _bR.61424 |
||
| 999 |
_c138400 _d138400 |
||